000 02171nam a22003257a 4500
001 BRCA_9192
003 FranzMayer
005 20220809132751.0
008 220706b |||||||| |||| 00| 0 spa d
020 _a9786079660475
040 _bspa
_cMFM
041 _aspa
050 _aAM101.M4
_bH67 2019
245 0 0 _aHospedería :
_bSanto Tomás de Villanueva y su entorno
260 _aCiudad de México :
_bMuseo Kaluz
_c2019
300 _a154 p. :
_bil. y fot. ;
_c29 x 31 cm.
500 _aUbicación: L59-N5
500 _aIncluye imágenes de la Colección Museo Franz Mayer (p. 24, 27-29 y 40-41)
505 2 _tPresentación /
_rAntonio del Valle Ruiz
505 2 _tTenochtitlan, Cuepopan e Iztacallecan /
_rEnrique Vela
505 2 _tLa Ciudad Colonial /
_rElena Horz Balbás
505 2 _tUn proyecto sin igual : de Hospedería Agustina a Museo Kaluz /
_rMaría del Consuelo Maquivar
505 2 _tEl entorno /
_rMaría Cristina Montoya Rivero
505 2 _tHospedería de Santo Tomás de Villanueva: su potencial de intervención y restauración /
_rFrancisco Pérez de Salazar Verea
505 2 _tEstar "Donde está el tronco": los árboles-letras del mural de Vicente Rojo /
_rCuauhtémoc Medina
505 2 _tAnexo 2: El hospicio de Santo Tomás de Villanueva de la provincia de las filipinas /
_rPablo García Cisneros
520 _aCon la firme convicción de que un mejor entorno nos ayuda a superar nuestra calidad de vida, el proyecto del Museo Kaluz cumple con el cometido de proteger el patrimonio inmueble nacional y con una función social de primer orden al ofrecer a la ciudad un espacio muy atractivo de acceso a la cultura y al conocimiento. Con este rescate, se abren las puertas de un inmueble cuya ubicación privilegiada dialoga con una historia urbana muy rica, que encuentra su génesis en México-Tenochtitlan y en la ciudad virreinal, memoria que reseñan en esta publicación un selecto grupo de investigadores, cuyos textos nos permiten valorar el edificio y su entorno desde diversos ángulos y en diferentes periodos de la historia. - Antonio del Valle Ruiz
942 _2lcc
_cB
999 _c10811
_d10811